Adaptation and fitness in animal populations : (Record no. 16043)

000 -LEADER
fixed length control field 00770cam a22002297a 4500
020 ## - INTERNATIONAL STANDARD BOOK NUMBER
ISBN 9781402090042 (cased : alk. paper)
020 ## - INTERNATIONAL STANDARD BOOK NUMBER
ISBN 1402090048 (cased : alk. paper)
020 ## - INTERNATIONAL STANDARD BOOK NUMBER
ISBN 9781402090059 (eISBN)
040 ## - CATALOGING SOURCE
Transcribing agency UKM
082 04 - DEWEY DECIMAL CLASSIFICATION NUMBER
Classification number 591 SPR 2009 A084 Or.
245 00 - TITLE STATEMENT
Title Adaptation and fitness in animal populations :
Remainder of title evolutionary and breeding perspectives on genetic resource management /
260 ## - PUBLICATION, DISTRIBUTION, ETC. (IMPRINT)
Place of publication [Dordrecht, the Netherlands] :
Name of publisher Springer,
Year of publication c2009.
300 ## - PHYSICAL DESCRIPTION
Number of Pages xii, 258 p. :
Other physical details ill. ;
Dimensions 25 cm.
650 #0 - SUBJECT ADDED ENTRY--TOPICAL TERM
Topical Term Animal genetics.
650 #0 - SUBJECT ADDED ENTRY--TOPICAL TERM
Topical Term Animals
650 #0 - SUBJECT ADDED ENTRY--TOPICAL TERM
Topical Term Evolutionary genetics.
650 #0 - SUBJECT ADDED ENTRY--TOPICAL TERM
Topical Term Animal genetic engineering.
650 #0 - SUBJECT ADDED ENTRY--TOPICAL TERM
Topical Term Animal breeding.
650 #0 - SUBJECT ADDED ENTRY--TOPICAL TERM
Topical Term Animal mutation breeding.
700 1# - ADDED ENTRY--PERSONAL NAME
Personal name Werf, Julius van der.
942 ## - ADDED ENTRY ELEMENTS (KOHA)
Koha item type សៀវភៅភាសាអង់គ្លេស
952 ## - LOCATION AND ITEM INFORMATION (KOHA)
Withdrawn status [LOCAL, KOHA] 0
Holdings
Permanent Location Date acquired Koha item type Lost status Shelving location Barcode Current Location Full call number
Library Block A2017-12-27សៀវភៅភាសាអង់គ្លេស A084A14533Library Block A591 SPR 2009 A084 Or.
មជ្ឈមណ្ឌលឯការនៃសាកលវិទ្យាល័យភូមិន្ទកសិកម្មចំការដូង

Powered by Koha